Biologie dítěte a dorostu

Hlavní autor: Malá, Helena, 1935-
Jazyk: Čeština
Vydáno: Praha, 1980
Knihy
Uloženo v:
LEADER 00485nam a22001692a 4500
001 000106650
003 CZ BrMZK
005 19961101143423.0
007 ta
008 950101s1980 xr f cze d
040 |a BOA001  |b cze 
100 1 |a Malá, Helena,  |d 1935-  |7 jk01073167  |4 trl 
245 1 0 |a Biologie dítěte a dorostu 
260 |a Praha,  |c 1980 
910 |a BOA001  |b 4-0819.912 
990 |a BK 
996 7 |b 2619998809  |c 4-0819.912  |l MZK  |r Sklad / do 1 hodiny  |n 15  |w 000106650  |u 000010  |a 1  |e BOA001  |j MZK50  |s A